000 01025nam a22003257a 4500
003 CHAP
005 20220817041257.0
008 971013s1991 r 00010 d
010 _a10134
011 _a11106
035 _a10344
040 _cCHAP
082 _a631.41
_bS62
100 0 0 _aSparks, Donald L
_eed
245 _aRates of soil chemical processes
260 _aMadison, Wis. :
_bSoil Science Society of America,
_c1991
300 _a302 p
490 _aSSSA Special publication
_v; 27
590 _aBATCH-UPD
_b10
_c20130110
_lUCH01
_h1526
590 _aBATCH-UPD
_b10
_c20130410
_lUCH01
_h0935
590 _aBATCH-UPD
_b10
_c20130914
_lUCH01
_h2033
590 _aCONVERSION
_b10
_c20130109
_lUCH01
_h1306
650 1 4 _aSuelos
_xFísica de.
_9110373
650 1 4 _aSuelos
_xQuímica de.
_9110470
700 0 _aSuarez, D. L.
_eed
_9110129
830 0 _aSSSA Special publication
_v; 27
901 _aBK
942 _cLIBRO
949 _a631.41 S62
_bBC
_cLIBRO
_d33724000067708
_eLIBRO
_gI. 172711
_h86451
_i10344
_si
_t133.45
999 _c10134
_d10134